000 01232cam a2200325 a 4500
001 16771090
003 OSt
005 20150916144119.0
008 110510s2012 nyuab b 001 0 eng
010 _a 2011018449
020 _a9780199757534 (main edition)
020 _a0199757534 (main edition)
020 _a9780199757558 (instructor edition)
020 _a0199757550 (instructor edition)
035 _a(OCoLC)ocn723529527
040 _aDLC
_cDLC
_dYDX
_dYDXCP
_dGO3
_dBWX
_dDLC
050 0 0 _aBS2330.3
_b.E38 2012
082 0 0 _a225.6/7
_223
100 1 _aEhrman, Bart D.
245 1 4 _aThe New Testament :
_ba historical introduction to the early Christian writings /
_cBart D. Ehrman.
250 _a5th ed.
260 _aNew York :
_bOxford University Press,
_cc2012.
300 _axxxvii, 536 p. :
_bill. (chiefly col.), maps (some col.) ;
_c24 cm.
504 _aIncludes bibliographical references and index.
630 0 0 _aBible.
_pNew Testament
_vIntroductions.
906 _a7
_bcbc
_corignew
_d1
_eecip
_f20
_gy-gencatlg
942 _2lcc
_cBK
999 _c67
_d67